Gestão estratégica da informação, do conhecimento e das competências no ambiente educacional : (Record no. 872)

MARC details
000 -LÍDER
Campo Fixo de Controle 01114nam a2200265 a 4500
001 - NÚMERO DE CONTROLE
Campo de Controle 872
003 - IDENTIFICAÇÃO DO NÚMERO DE CONTROLE
Campo de Controle BR-CuiBMT
005 - DATA E HORA DA ÚLTIMA ATUALIZAÇÃO
Campo de Controle 20231122013031.0
008 - DADOS FIXOS
Dados Fixos 231122s2008 prba 001 0 por d
020 ## - INTERNATIONAL STANDARD BOOK NUMBER
Nº do ISBN 9788536222363
040 ## - AGÊNCIA CATALOGADORA
Código da Agência Catalogadora BR-CuiBMT
Agência que transcreveu o registro BR-CuiBMT
080 ## - Nº DA CLASSIFICAÇÃO DECIMAL UNIVERSAL
Nº edição CDU 2007
Nº Class. CDU 658:001.101:37
090 ## - NÚMERO DE CHAMADA
Nº classificação 658:001.101:37
Cutter G393
245 00 - TÍTULO PRINCIPAL
Título principal Gestão estratégica da informação, do conhecimento e das competências no ambiente educacional :
Subtítulo vencendo desafios na busca de novas oportunidades de aprendizado, inovação e competitividade /
Indicação de responsabilidade Maria Celeste Reis Lobo de Vasconcelos, organizadora ; [autores André Luiz Pires de Miranda ... et al.].
260 ## - PUBLICAÇÃO, DISTRIBUIÇÃO, ETC.
Local de publicação Curitiba :
Editora Juruá,
Data 2008.
300 ## - DESCRIÇÃO FÍSICA
N. páginas ou volumes 151 p. :
Ilustrações il. ;
Dimensões 21 cm
500 ## - NOTAS GERAIS
Notas gerais Vários autores.
504 ## - NOTA DE BIBLIOGRAFIA, ETC.
Nota de bibliografia Inclui bibliografia.
650 ## - ASSUNTO TÓPICO
Cabeçalho tópico ou nome geográfico Gestão do conhecimento
Subdivisão geográfica Brasil
650 ## - ASSUNTO TÓPICO
Cabeçalho tópico ou nome geográfico Ambiente educacional
Subdivisão geral Organização e administração
Subdivisão geográfica Brasil
650 ## - ASSUNTO TÓPICO
Cabeçalho tópico ou nome geográfico Tecnologia da informação
Subdivisão geográfica Brasil
700 1# - ENTRADA SECUNDÁRIA -- NOME PESSOAL
Nome pessoal Vasconcelos, Maria Celeste Reis Lobo de
Cód. do termo explicativo org.
700 1# - ENTRADA SECUNDÁRIA -- NOME PESSOAL
Nome pessoal Miranda, André Luiz Pires de
Termo de relação et al.
-- autores
942 ## - ELEMENTOS DE ENTRADA ADICIONAIS (KOHA)
Fonte de classificação ou esquema de arquivamento Classificação Decimal Universal
Tipo de item do Koha Livros
Holdings
Estado: removido Estado: perdido Fonte de classificação ou esquema de arquivamento Estado: danificado Indisponível para empréstimo Localização permanente Localização atual Data de aquisição Total Checkouts Número de Chamada completo Código de barras Date last seen Número do exemplar Preço efetivo a partir de Tipo de item (Koha)
    Classificação Decimal Universal     Biblioteca da Escola Superior de Contas do TCE/MT Biblioteca da Escola Superior de Contas do TCE/MT 22/11/2023   658:001.101:37 G393 BIBTCEMT23110817 22/11/2023 Ex. 1 22/11/2023 Livros

Powered by Koha